000 00333nam a2200133Ia 4500
005 20251222155133.0
008 251222s9999||||xx |||||||||||||| ||spa||
082 _aLEN.55
100 _aAnĂ³nimo,
245 0 _aLazarillo de Tormes
250 _a1ra. ed.
264 _bEl comercio
942 _cLIB
999 _c38893
_d38893